The functions of the police in modern society: a review of background factors, current practices, and possible role models
| Autor principal: | |
|---|---|
| Tipo de documento: | Print Libro |
| Lenguaje: | Inglés |
| Publicado: |
Rockville, Md.
National Inst. of Mental Health, Center for Studies of Crime and Delinquency
1975
|
| En: |
DHEW publication / ADM (75-260)
Año: 1975 |
| Disponibilidad en Tübingen: | Disponible en Tübingen. UB: KB 6 A 204-10 |
| Verificar disponibilidad: | HBZ Gateway |
| Servicio de pedido Subito: | Pedir ahora. |
MARC
| LEADER | 00000cam a22000002c 4500 | ||
|---|---|---|---|
| 001 | 1094321540 | ||
| 003 | DE-627 | ||
| 005 | 20251224220543.0 | ||
| 007 | tu | ||
| 008 | 910529s1975 xx ||||| 00| ||eng c | ||
| 035 | |a (DE-627)1094321540 | ||
| 035 | |a (DE-576)024321540 | ||
| 035 | |a (DE-599)BSZ024321540 | ||
| 035 | |a (OCoLC)00145715 | ||
| 040 | |a DE-627 |b ger |c DE-627 |e rakwb | ||
| 041 | |a eng | ||
| 082 | 0 | |a 363.2/0973 | |
| 084 | |a MS 6850 |2 rvk |0 (DE-625)rvk/123769: | ||
| 100 | 1 | |a Bittner, Egon |4 aut | |
| 245 | 1 | 4 | |a The functions of the police in modern society |b a review of background factors, current practices, and possible role models |c Egon Bittner |
| 264 | 1 | |a Rockville, Md. |b National Inst. of Mental Health, Center for Studies of Crime and Delinquency |c 1975 | |
| 300 | |a V, 122 S. | ||
| 336 | |a Text |b txt |2 rdacontent | ||
| 337 | |a ohne Hilfsmittel zu benutzen |b n |2 rdamedia | ||
| 338 | |a Band |b nc |2 rdacarrier | ||
| 490 | 1 | |a DHEW publication |a ADM |v 75-260 | |
| 490 | 0 | |a Crime and delinquency issues | |
| 500 | |a Formerly DHEW publication HSM 73-9072 | ||
| 583 | 1 | |a Archivierung prüfen |c 20200919 |f DE-640 |z 1 |2 pdager | |
| 810 | 2 | |a USA |b Department of Health, Education, and Welfare |t DHEW publication / ADM |v 75-260 |9 75-260 |w (DE-627)108397520X |w (DE-576)01397520X |7 am | |
| 936 | r | v | |a MS 6850 |b Gericht, Richter, Rechtsprechung, Polizei |k Soziologie |k Spezielle Soziologien |k Rechtssoziologie |k Gericht, Richter, Rechtsprechung, Polizei |0 (DE-627)1271441527 |0 (DE-625)rvk/123769: |0 (DE-576)201441527 |
| 951 | |a BO | ||
| ELC | |b 1 | ||
| LOK | |0 000 xxxxxcx a22 zn 4500 | ||
| LOK | |0 001 2165189977 | ||
| LOK | |0 003 DE-627 | ||
| LOK | |0 004 1094321540 | ||
| LOK | |0 005 20020606000000 | ||
| LOK | |0 008 910529||||||||||||||||ger||||||| | ||
| LOK | |0 040 |a DE-21 |c DE-627 |d DE-21 | ||
| LOK | |0 852 |a DE-21 | ||
| LOK | |0 852 1 |c KB 6 A 204-10 |9 00 | ||
| LOK | |0 935 |a krim | ||
| LOK | |0 936ln |a k4.5.1.4 | ||
| LOK | |0 939 |a 29-05-91 |b l01 | ||
| ORI | |a SA-MARC-krimdoka001.raw | ||
| SIG | |a UB: KB 6 A 204-10 | ||
